| 000 | 01108nam a22002657a 4500 | ||
|---|---|---|---|
| 003 | OSt | ||
| 005 | 20250329163133.0 | ||
| 008 | 240906b ||||| |||| 00| 0 eng d | ||
| 040 | _c0 | ||
| 082 | _aDPer 621.317 Ie21 December 2022 v.37 n. 12 part 1&2. | ||
| 100 |
_aChen, Hechong _eauthor. _960402 |
||
| 245 |
_aResearch on a secondary active limiting dc fault current limiter topology / _cHechong Chen, Jiaxin Yuan, Shunkai Xu, Chunhang Zou, and Yonggui Hong. |
||
| 260 |
_aNew York ; _bThe Institute of Electrical and Electronics Engineers, Inc., _cDecember 2022. |
||
| 300 |
_avolume 37, pages 14547-14561, _billustration. |
||
| 500 | _aIEEE Transactions on Power Electronics, v. 37 n. 12, pages 14547-14561, December 2022. | ||
| 650 | 0 |
_aenergy absorption. _966086 |
|
| 650 | 0 |
_afault current limiter (FCL). _966087 |
|
| 650 | 0 |
_aovervoltage. _966088 |
|
| 700 |
_aChen, Hechong _eauthor. _960402 |
||
| 700 |
_aYuan, Jiaxin. _eauthor. _960403 |
||
| 700 |
_aXu, Shunkai. _eauthor. _960404 |
||
| 700 |
_aZou, Chunhang. _eauthor. _960405 |
||
| 700 |
_aHong, Yonggui. _eauthor. _960406 |
||
| 942 |
_2ddc _cPER |
||
| 999 |
_c21401 _d21401 |
||